Every Player to Finish Top 3 in Ballon d'Or History - Statistics

General Stats
  • This quiz has been taken 472 times
    208 since last reset
  • The average score is 67 of 119
Answer Stats
Player # Year(s) 1st 2nd 3rd % Correct
Cristiano Ronaldo 12 2007 | 2008 | 2009 | 2011 | 2012 | 2013 | 2014 | 2015 | 2016 | 2017 | 2018 | 2019 5 6 1
96%
Lionel Messi 14 2007 | 2008 | 2009 | 2010 | 2011 | 2012 | 2013 | 2014 | 2015 | 2016 | 2017 | 2019 | 2021 | 2023 8 5 1
96%
Ronaldo 4 1996 | 1997 | 1998 | 2002 2 1 1
96%
Kylian Mbappé 1 2023 0 0 1
95%
Erling Haaland 1 2023 0 1 0
94%
Karim Benzema 1 2022 1 0 0
94%
Neymar 2 2015 | 2017 0 0 2
94%
Rodri 1 2024 1 0 0
93%
Antoine Griezmann 2 2016 | 2018 0 0 2
92%
Jude Bellingham 1 2024 0 0 1
92%
Kevin De Bruyne 1 2022 0 0 1
92%
Luka Modrić 1 2018 1 0 0
92%
Robert Lewandowski 1 2021 0 1 0
92%
Ronaldinho 2 2004 | 2005 1 0 1
92%
Sadio Mané 1 2022 0 1 0
92%
Vinícius Júnior 1 2024 0 1 0
92%
Virgil van Dijk 1 2019 0 1 0
92%
Andrés Iniesta 2 2010 | 2012 0 1 1
91%
Andriy Shevchenko 3 1999 | 2000 | 2004 1 0 2
91%
Thierry Henry 2 2003 | 2006 0 1 1
91%
Kaká 1 2007 1 0 0
90%
Xavi 3 2009 | 2010 | 2011 0 0 3
90%
Zinedine Zidane 3 1997 | 1998 | 2000 1 1 1
90%
Steven Gerrard 1 2005 0 0 1
88%
Franck Ribéry 1 2013 0 0 1
87%
Manuel Neuer 1 2014 0 0 1
87%
Pavel Nedvěd 1 2003 1 0 0
87%
Fabio Cannavaro 1 2006 1 0 0
86%
Frank Lampard 1 2005 0 1 0
86%
Gigi Riva 2 1969 | 1970 0 1 1
85%
Jorginho 1 2021 0 0 1
85%
Luís Figo 1 2000 1 0 0
85%
Michael Owen 1 2001 1 0 0
85%
Paolo Maldini 2 1994 | 2003 0 0 2
85%
Fernando Torres 1 2008 0 0 1
84%
Rivaldo 1 1999 1 0 0
84%
George Weah 1 1995 1 0 0
82%
Gianluigi Buffon 1 2006 0 1 0
81%
Marco van Basten 3 1988 | 1989 | 1992 3 0 0
81%
Oliver Kahn 2 2001 | 2002 0 0 2
81%
Gerd Müller 4 1969 | 1970 | 1972 | 1973 1 1 2
80%
Raúl 1 2001 0 1 0
80%
Ruud Gullit 2 1987 | 1988 1 1 0
80%
Hristo Stoichkov 2 1992 | 1994 1 1 0
78%
Alfredo Di Stéfano 3 1956 | 1957 | 1959 2 1 0
77%
Deco 1 2004 0 1 0
77%
Roberto Carlos 1 2002 0 1 0
77%
Alan Shearer 1 1996 0 0 1
76%
Michel Platini 5 1977 | 1980 | 1983 | 1984 | 1985 3 0 2
76%
David Beckham 1 1999 0 1 0
75%
Ferenc Puskás 1 1960 0 1 0
75%
Johan Cruyff 4 1971 | 1973 | 1974 | 1975 3 0 1
75%
Eusébio 3 1962 | 1965 | 1966 1 2 0
74%
Franz Beckenbauer 5 1966 | 1972 | 1974 | 1975 | 1976 2 2 1
72%
George Best 2 1968 | 1971 1 0 1
72%
Lothar Matthäus 2 1990 | 1991 1 1 0
70%
Roberto Baggio 2 1993 | 1994 1 1 0
70%
Eric Cantona 1 1993 0 0 1
69%
Bobby Charlton 3 1966 | 1967 | 1968 1 2 0
68%
Davor Šuker 1 1998 0 1 0
66%
Jean-Pierre Papin 1 1991 1 0 0
65%
Lev Yashin 1 1963 1 0 0
65%
Luis Suárez 4 1960 | 1961 | 1964 | 1965 1 2 1
65%
Matthias Sammer 1 1996 1 0 0
64%
Frank Rijkaard 2 1988 | 1989 0 0 2
61%
Jari Litmanen 1 1995 0 0 1
60%
Karl-Heinz Rummenigge 3 1979 | 1980 | 1981 2 1 0
58%
Kenny Dalglish 1 1983 0 1 0
56%
Paolo Rossi 1 1982 1 0 0
56%
Stanley Matthews 1 1956 1 0 0
56%
Franco Baresi 1 1989 0 1 0
53%
Gary Lineker 1 1986 0 1 0
52%
Kevin Keegan 3 1977 | 1978 | 1979 2 1 0
51%
Raymond Kopa 4 1956 | 1957 | 1958 | 1959 1 1 2
49%
Denis Law 1 1964 1 0 0
47%
Bobby Moore 1 1970 0 1 0
45%
Jürgen Klinsmann 1 1995 0 1 0
44%
Dennis Bergkamp 2 1992 | 1993 0 1 1
40%
Gianni Rivera 2 1963 | 1969 1 1 0
38%
Emilio Butragueño 2 1986 | 1987 0 0 2
36%
Just Fontaine 1 1958 0 0 1
35%
Predrag Mijatović 1 1997 0 1 0
32%
Andreas Brehme 1 1990 0 0 1
28%
Allan Simonsen 2 1977 | 1983 1 0 1
25%
Omar Sívori 1 1961 1 0 0
24%
Dino Zoff 1 1973 0 1 0
23%
Flórián Albert 1 1967 1 0 0
23%
Oleg Blokhin 1 1975 1 0 0
23%
Igor Belanov 1 1986 1 0 0
22%
Josef Masopust 1 1962 1 0 0
20%
Zbigniew Boniek 1 1982 0 0 1
19%
Bernd Schuster 3 1980 | 1981 | 1985 0 1 2
18%
Paulo Futre 1 1987 0 1 0
18%
Salvatore Schillaci 1 1990 0 1 0
18%
Giacinto Facchetti 1 1965 0 1 0
16%
Jimmy Greaves 1 1963 0 0 1
16%
John Charles 1 1959 0 0 1
15%
Sandro Mazzola 1 1971 0 1 0
15%
Uwe Seeler 1 1960 0 0 1
15%
Dejan Savićević 1 1991 0 1 0
13%
Billy Wright 1 1957 0 1 0
11%
Duncan Edwards 1 1957 0 0 1
11%
Jean Tigana 1 1984 0 1 0
11%
Karl-Heinz Schnellinger 1 1962 0 0 1
11%
Alain Giresse 1 1982 0 1 0
10%
Paul Breitner 1 1981 0 1 0
9%
Darko Pančev 1 1991 0 1 0
8%
Günter Netzer 1 1972 0 1 0
8%
Jimmy Johnstone 1 1967 0 0 1
8%
Rob Rensenbrink 2 1976 | 1978 0 1 1
8%
Dragan Džajić 1 1968 0 0 1
7%
Hans Krankl 1 1978 0 1 0
7%
Helmut Rahn 1 1958 0 1 0
7%
Kazimierz Deyna 1 1974 0 0 1
7%
Ruud Krol 1 1979 0 0 1
7%
Preben Elkjær 2 1984 | 1985 0 1 1
6%
Amancio 1 1964 0 0 1
5%
Johnny Haynes 1 1961 0 0 1
4%
Ivo Viktor 1 1976 0 0 1
3%
No matching quizzes found
Score Distribution
Percent of People with Each Score
Percentile by Number Answered
Your Score History
You have not taken this quiz since the last reset